000 00512nam a2200205Ia 4500
005 20240823023423.0
008 240823s9999||||xx |||||||||||||| ||und||
020 _a81-219-2977-6
041 _aTAMIL & ENGLISH
082 _A425 P9
100 _a"Wren,P.C"
245 0 _aTamil Version of High School English Grammar & Composition
250 _aIst
260 _c2009
_b"S Chand,New Delhi"
500 _aYES
650 _aTamil Grammar
_bGeneral
700 _a Martin H
942 _cBK
999 _c181501
_d181501